000 00725nam a2200193Ia 4500
003 GCL
008 140319s9999 xx 000 0 ara d
040 _aGCL /
_cGCL
082 0 4 _a349.602
_bم ا
100 1 _aمحمد ماجد عباس خلوصى
245 1 0 _aاصول التحكم فى المنازعات الهندسية والمسابقات المعمارية وقوانين الهر العقارى واتحاد الملاك, ط3 /
_cمحمد ماجد عباس خلوصى
260 _a[S.N] :
_bلجنة الاعلام والدراسات المستقبلية ،
_c1992
300 _a480 ص
490 _a
650 0 4 _aالاساسات
650 0 4 _aالمبانى
650 0 4 _aالبناء
942 _2ddc
_cBK
999 _c52076
_d52076